[Event "Tournoi Skype 026B"]
[Site "Skype"]
[Date "????.??.??"]
[Round "4.11"]
[White "Duthoit, Bernard"]
[Black "Vervoort, Jean-Louis"]
[Result "1-0"]
[WhiteElo "1378"]
[BlackElo "1224"]
[PlyCount "69"]

1. e4 e5 2. Nf3 d6 3. Bc4 h6 4. d3 Nf6 5. O-O Bg4 6. h3 Bxf3 7. Qxf3 Be7 8. Nc3
O-O 9. Qg3 Kh8 10. Ne2 c6 11. f4 exf4 12. Nxf4 d5 13. exd5 cxd5 14. Bb3 Nc6 15.
Qf3 Bc5+ 16. Kh1 Nd4 17. Qd1 Nxb3 18. axb3 Qd7 19. d4 Bd6 20. Qf3 Bxf4 21. Bxf4
g5 22. Bxg5 hxg5 23. Qxf6+ Kh7 24. Qxg5 Rg8 25. Qh5+ Kg7 26. Rf5 Rh8 27. Rg5+
Kf6 28. Rf1+ Ke7 29. Re5+ Kd6 30. Rf6+ Kc7 31. Qf3 Raf8 32. Rxd5 Qe8 33. Qf4+
Kc8 34. Rc5+ Kd8 35. Qc7# 1-0

[Event "Tournoi Skype 026B"]
[Site "Skype"]
[Date "????.??.??"]
[Round "4.13"]
[White "Mimouni, Driss"]
[Black "Mantelli, Luca"]
[Result "0-1"]
[WhiteElo "1052"]
[BlackElo "1347"]
[PlyCount "114"]

1. e4 e5 2. Nf3 Nc6 3. d3 Nf6 4. Nc3 Bb4 5. a3 Bc5 6. Nd5 h6 7. Nxf6+ Qxf6 8.
Be3 Bb6 9. Bxb6 axb6 10. c3 O-O 11. d4 d6 12. Bb5 exd4 13. cxd4 Qg6 14. Nh4
Qxe4+ 15. Be2 Qxh4 16. d5 Nd4 17. Qd3 Nxe2 18. Qxe2 Bg4 19. Qc2 Rfe8+ 20. Kd2
Re2+ 21. Kc3 Rxc2+ 22. Kxc2 Bf5+ 23. Kb3 Qxf2 24. Ka2 Be6 25. dxe6 fxe6 26.
Rac1 c6 27. Rhf1 Qxg2 28. Rg1 Qd5+ 29. Kb1 Qb5 30. Rg3 Rf8 31. Ka1 Rf2 32. b4
Qe5+ 33. Rgc3 Rf3 34. Kb2 Rxc3 35. Rxc3 d5 36. Kb3 b5 37. h4 Qf5 38. Rc5 e5 39.
a4 Qb1+ 40. Ka3 Qa1+ 41. Kb3 bxa4+ 42. Kc2 a3 43. Ra5 Qb2+ 44. Kd3 e4+ 45. Ke3
a2 46. Ra8+ Kh7 47. b5 a1=Q 48. Rxa1 Qxa1 49. bxc6 bxc6 50. Kf4 c5 51. Ke3 Qd4+
52. Kf4 e3+ 53. Kf3 Qe5 54. Ke2 d4 55. h5 c4 56. Ke1 Qh2 57. Kd1 Qd2# 0-1

[Event "Tournoi Skype 026B"]
[Site "Skype"]
[Date "????.??.??"]
[Round "4.14"]
[White "Cayllahua, Braulio Idme"]
[Black "Sanchez Padilla, Armando Edilber"]
[Result "1-0"]
[WhiteElo "1000"]
[BlackElo "1324"]
[PlyCount "89"]

1. e4 e5 2. Bc4 Nf6 3. f3 Bc5 4. Ne2 d6 5. c3 a6 6. d4 Nbd7 7. dxc5 dxc5 8. O-O
b5 9. Bb3 O-O 10. Be3 Bb7 11. Qe1 c4 12. Bc2 c5 13. Qf2 Qc7 14. Rd1 Bc6 15.
Bxc5 Nxc5 16. Qxc5 Nd7 17. Qf2 Rfe8 18. Nd2 Re6 19. Nf1 Rg6 20. Ne3 Nf6 21. Ng3
a5 22. Rd2 a4 23. a3 Re8 24. Rad1 Bb7 25. Nef5 Rb8 26. Nd6 Bc6 27. Qc5 Nd7 28.
Qe3 h5 29. Ngf5 Nf6 30. Qc5 Rd8 31. Qxc6 Qa7+ 32. Kh1 Ne8 33. Qb7 Qxb7 34. Nxb7
Rxd2 35. Rxd2 Kh7 36. Nbd6 Nxd6 37. Rxd6 h4 38. Rxg6 Kxg6 39. Nd6 f6 40. Nxb5
Kg5 41. Kg1 Kf4 42. Kf2 g6 43. Bxa4 g5 44. g3+ hxg3+ 45. hxg3# 1-0

[Event "Tournoi Skype 026B"]
[Site "Skype"]
[Date "????.??.??"]
[Round "4.15"]
[White "Rosenkoetter, David"]
[Black "Maccaferri, Massimo"]
[Result "1-0"]
[WhiteElo "1322"]
[BlackElo "1160"]
[PlyCount "105"]

1. e4 e5 2. Nf3 Nc6 3. Bb5 Nd4 4. Bc4 a6 5. c3 Nb5 6. Nxe5 Qg5 7. Nxf7 Qxg2 8.
Bf1 Qxh1 9. Nxh8 d6 10. Qh5+ g6 11. Qd5 Bh3 12. Qf7+ Kd8 13. Qxf8+ Kd7 14. Qf7+
Kc6 15. Qc4+ Kb6 16. d4 Qxe4+ 17. Be3 Be6 18. d5+ c5 19. Qxe4 Bf5 20. Qe7 Nxe7
21. Nf7 Nxd5 22. c4 Nxe3 23. fxe3 Nc7 24. Nxd6 Kc6 25. Nxf5 gxf5 26. Bg2+ Kb6
27. Nc3 Re8 28. Ke2 f4 29. e4 h5 30. a4 a5 31. Rd1 Rg8 32. Rd6+ Ka7 33. Bf3 h4
34. Rd7 Kb6 35. Rf7 Rg1 36. Rxf4 Rc1 37. Rxh4 Rc2+ 38. Kd3 Rf2 39. Rh6+ Ka7 40.
Rf6 Rxb2 41. h4 Rh2 42. Rh6 Rh3 43. Ke3 Rh2 44. e5 Rb2 45. e6 Rb6 46. Nb5+ Nxb5
47. cxb5 c4 48. e7 Rxh6 49. e8=Q c3 50. Kd3 Rxh4 51. Qe3+ Ka8 52. Qe7 Rxa4 53.
Qxb7# 1-0

[Event "Tournoi Skype 026B"]
[Site "Skype"]
[Date "????.??.??"]
[Round "4.16"]
[White "De Nobrega, George"]
[Black "Schnell, Nicolas"]
[Result "1-0"]
[WhiteElo "1301"]
[BlackElo "1006"]
[PlyCount "77"]

1. e4 e5 2. Nf3 Nc6 3. Bc4 Nf6 4. d3 Ng4 5. Ng5 Qf6 6. Qxg4 Bc5 7. Qg3 O-O 8.
Be3 Bb4+ 9. Bd2 Bc5 10. O-O Nd4 11. Qh3 Ne2+ 12. Kh1 h6 13. Nf3 d6 14. Qh5 Bd7
15. Nc3 Bb4 16. Nd5 Qd8 17. Nxb4 c6 18. Nxe5 dxe5 19. Qxe2 a5 20. Nxc6 Bxc6 21.
a3 Re8 22. Qf3 Re7 23. Qg3 Qf8 24. Bxh6 Rd8 25. Bg5 g6 26. Bxe7 Qxe7 27. Qxg6+
Kf8 28. Qh5 Kg7 29. f4 exf4 30. Rxf4 Bd7 31. Rxf7+ Qxf7 32. Qxf7+ Kh8 33. Qf6+
Kh7 34. Qxd8 Be6 35. Bxe6 Kg7 36. Rf1 b5 37. Rf7+ Kg6 38. Qg8+ Kh6 39. Rh7# 1-0

[Event "Tournoi Skype 026B"]
[Site "Skype"]
[Date "????.??.??"]
[Round "4.17"]
[White "Yilmazer, Seher"]
[Black "Aroucha, Abraao"]
[Result "0-1"]
[WhiteElo "1295"]
[BlackElo "1000"]
[PlyCount "106"]

1. Nf3 d5 2. d4 Nc6 3. g3 e6 4. Be3 Bd6 5. Nc3 Nf6 6. Nb5 Bb4+ 7. c3 Be7 8. Bf4
Bd6 9. Nxd6+ cxd6 10. Bg2 h6 11. O-O O-O 12. e4 dxe4 13. d5 exd5 14. Nd4 Bg4
15. f3 Bd7 16. Bxd6 Re8 17. Re1 Qb6 18. fxe4 dxe4 19. Qd2 Bf5 20. Bf4 Rad8 21.
Be3 Bg6 22. Rad1 Ne5 23. Qe2 Nd3 24. Nc2 Bh5 25. Bxb6 Bxe2 26. Rxe2 axb6 27. h4
h5 28. Bh3 e3 29. g4 hxg4 30. Bf1 Kh7 31. Rh2 Nh5 32. Be2 f5 33. Rh3 Nhf4 34.
Bxg4 Nxh3+ 35. Bxh3 f4 36. Bf5+ g6 37. Bg4 Kh6 38. Kg2 Ne1+ 39. Rxe1 Rd2+ 40.
Be2 Rxc2 41. Kf3 Rxb2 42. Kxf4 Rxa2 43. Bf3 Ra4+ 44. Kg3 Re7 45. h5 g5 46. Rb1
e2 47. Bxe2 Rxe2 48. Rxb6+ Kxh5 49. Rxb7 Re3+ 50. Kf2 Rxc3 51. Rh7+ Kg4 52. Rh2
Ra2+ 53. Kg1 Rc1# 0-1

[Event "Tournoi Skype 026B"]
[Site "Skype"]
[Date "????.??.??"]
[Round "4.19"]
[White "Sanchez, Pedro"]
[Black "Luunge, Abdi"]
[Result "0-1"]
[WhiteElo "1228"]
[BlackElo "1000"]
[PlyCount "124"]

1. e4 e5 2. Nf3 Nc6 3. Bc4 h6 4. c3 Nf6 5. Qb3 d5 6. exd5 Na5 7. Qb5+ c6 8. Qa4
b5 9. Bxb5 cxb5 10. Qxb5+ Bd7 11. Qe2 e4 12. Ne5 Bc8 13. O-O Qxd5 14. d4 Bb7
15. Nd2 Bd6 16. b4 e3 17. Ndf3 Bxe5 18. Qxe3 Nc4 19. Qd3 Bxh2+ 20. Kxh2 Ng4+
21. Kg1 O-O 22. Bf4 Rae8 23. Nh4 Qh5 24. Bg3 Nd6 25. Rae1 Ne4 26. c4 Nxg3 27.
fxg3 Rxe1 28. Rxe1 f5 29. Re7 Be4 30. Qc3 Qg5 31. Rxa7 f4 32. d5 fxg3 33. b5
Nf6 34. Nf3 Qh5 35. Kf1 Qh1+ 36. Ke2 Qxg2+ 37. Ke3 Qxf3+ 38. Kd4 Qxc3+ 39. Kxc3
g2 40. b6 g1=Q 41. Ra6 Qc1+ 42. Kd4 Rc8 43. b7 Qb2+ 44. Ke3 Qxb7 45. Re6 Qb1
46. Kd4 Qd3+ 47. Ke5 Qxc4 48. d6 Qd5+ 49. Kf4 Qxe6 50. d7 Qxd7 51. a4 Qf5+ 52.
Ke3 Rc3+ 53. Kd2 Qd5+ 54. Kxc3 h5 55. Kb4 h4 56. a5 Qb7+ 57. Kc3 h3 58. Kd4 h2
59. Kc5 h1=Q 60. a6 Qc6+ 61. Kb4 Qb1+ 62. Ka5 Qcb5# 0-1

[Event "Tournoi Skype 026B"]
[Site "Skype"]
[Date "????.??.??"]
[Round "4.22"]
[White "Perez, Luis Horacio"]
[Black "Pasasin, Alejandro"]
[Result "1-0"]
[WhiteElo "1323"]
[BlackElo "1000"]
[PlyCount "41"]

1. a4 e5 2. e4 Nf6 3. Nc3 b6 4. d4 exd4 5. Qxd4 d6 6. Nf3 Be7 7. Bc4 O-O 8. O-O
c5 9. Qd1 Bb7 10. Re1 Nbd7 11. h3 h6 12. Bf4 Ne8 13. e5 Nxe5 14. Nxe5 dxe5 15.
Qxd8 Rxd8 16. Bxe5 Rd2 17. Bf4 Rd4 18. Rxe7 Rxc4 19. Rxb7 Rxf4 20. Nd5 Rxa4 21.
Rxa4 1-0

[Event "Tournoi Skype 026B"]
[Site "Skype"]
[Date "????.??.??"]
[Round "4.23"]
[White "Bustos, Ricardo"]
[Black "Swanepoel, Karel"]
[Result "1-0"]
[WhiteElo "1243"]
[BlackElo "1038"]
[PlyCount "69"]

1. d4 Nf6 2. Nf3 g6 3. c4 Bg7 4. Nc3 a6 5. e4 d6 6. Bd3 Nc6 7. a3 e5 8. d5 Nd4
9. Nxd4 exd4 10. Ne2 Ng4 11. h3 Nh6 12. Bxh6 Bxh6 13. Nxd4 c5 14. Nf3 O-O 15.
O-O Re8 16. b4 b5 17. bxc5 bxc4 18. Bxc4 Rxe4 19. Bd3 Re8 20. cxd6 Qxd6 21. Bc4
Ra7 22. Qa4 Rae7 23. Rae1 Bf4 24. Rxe7 Qxe7 25. Bxa6 Bc7 26. Bxc8 Rxc8 27. Re1
Qd6 28. Re8+ Rxe8 29. Qxe8+ Kg7 30. Qc6 Kf6 31. Qxd6+ Bxd6 32. a4 Bc7 33. Kf1
Ke7 34. Nd4 Kd6 35. Nb5+ 1-0

[Event "Tournoi Skype 026B"]
[Site "Skype"]
[Date "????.??.??"]
[Round "4.24"]
[White "Chavez, Isidro"]
[Black "Luna Perez Vico, Lorenzo"]
[Result "1/2-1/2"]
[WhiteElo "1217"]
[BlackElo "1376"]
[PlyCount "30"]

1. d4 d5 2. c3 c6 3. Bf4 Bf5 4. Na3 Nd7 5. e3 e6 6. Nf3 Be7 7. Bd3 Be4 8. Bxe4
dxe4 9. Nd2 Ngf6 10. Nac4 O-O 11. Bg5 b5 12. Bxf6 Nxf6 13. Ne5 Rc8 14. Qc2 Qd5
15. c4 bxc4 1/2-1/2

[Event "Tournoi Skype 026B"]
[Site "Skype"]
[Date "????.??.??"]
[Round "4.25"]
[White "Ramirez, Luis Antonio"]
[Black "Rivalta, Paolo"]
[Result "0-1"]
[WhiteElo "1139"]
[BlackElo "1440"]
[PlyCount "70"]

1. e4 e5 2. Nf3 d6 3. Bc4 h6 4. O-O c5 5. d3 Nf6 6. h3 Be7 7. Be3 O-O 8. Qd2
Be6 9. Nc3 Nc6 10. a3 a6 11. g4 Qd7 12. Ng5 hxg5 13. Bxg5 Nh5 14. Qe3 f6 15.
Bh6 gxh6 16. Qxh6 Nf4 17. Bxe6+ Qxe6 18. Kh1 Rf7 19. Qh4 Rh7 20. Qg3 Rxh3+ 21.
Qxh3 Nxh3 22. Rg1 Nxg1 23. Rxg1 Nd4 24. Nd5 Rf8 25. Nc3 Qf7 26. Nd5 Qh7+ 27.
Kg2 Rf7 28. Ne3 Rg7 29. Kf1 Qh3+ 30. Rg2 d5 31. exd5 f5 32. c3 f4 33. d6 Bxd6
34. cxd4 fxe3 35. fxe3 Rxg4 0-1

[Event "Tournoi Skype 026B"]
[Site "Skype"]
[Date "????.??.??"]
[Round "4.26"]
[White "Dib, Catherine"]
[Black "Vincent, Andre"]
[Result "0-1"]
[WhiteElo "1099"]
[BlackElo "1358"]
[PlyCount "44"]

1. Nf3 d5 2. g3 c6 3. Bg2 Nf6 4. d4 Nbd7 5. Nbd2 e6 6. a3 Bd6 7. c4 b6 8. b3
O-O 9. Bb2 Re8 10. O-O Bb7 11. Re1 Rc8 12. e4 dxe4 13. Nxe4 Nxe4 14. Rxe4 c5
15. Rc1 Bxe4 16. Nh4 Bxg2 17. Nxg2 Nf6 18. Ne3 Be7 19. Nc2 Qc7 20. Qf3 Qc6 21.
Qe2 Qe4 22. Ne3 cxd4 0-1

[Event "Tournoi Skype 026B"]
[Site "Skype"]
[Date "????.??.??"]
[Round "4.28"]
[White "Torres, Vicky"]
[Black "Barrionuevo, Hilario"]
[Result "1-0"]
[WhiteElo "1327"]
[BlackElo "1106"]
[PlyCount "83"]

1. d4 d5 2. Bf4 Nf6 3. e3 Bf5 4. Nc3 a6 5. h3 h6 6. Bh2 Bg6 7. Nf3 e6 8. a3 Bd6
9. Ne5 Bh5 10. Be2 Bxe2 11. Qxe2 Nbd7 12. O-O-O b5 13. Nc6 Qc8 14. Nb4 Qb8 15.
Nd3 b4 16. axb4 a5 17. b5 a4 18. Kb1 a3 19. b3 Ra7 20. Nc1 Nb6 21. Ka2 Nc4 22.
Nd3 c6 23. bxc4 cxb5 24. Bxd6 Qxd6 25. Nxb5 Qb8 26. Nxa7 Qxa7 27. cxd5 Nxd5 28.
Qd2 Ke7 29. Rb1 Rc8 30. Nc5 Rxc5 31. dxc5 Qxc5 32. Rb7+ Kd8 33. Rxf7 Qc4+ 34.
Kxa3 Qa6+ 35. Kb3 Qb5+ 36. Ka2 Qa6+ 37. Kb1 Kc8 38. Qd3 Nc3+ 39. Qxc3+ Kb8 40.
Qc7+ Ka8 41. Rf8+ Qc8 42. Rxc8# 1-0

[Event "Tournoi Skype 026B"]
[Site "Skype"]
[Date "????.??.??"]
[Round "4.29"]
[White "Milanese, Serge"]
[Black "Alverson, Ginny"]
[Result "1-0"]
[WhiteElo "1311"]
[BlackElo "1083"]
[PlyCount "55"]

1. d4 d5 2. Bf4 Nf6 3. e3 e6 4. Nf3 Bb4+ 5. c3 Bd6 6. Bg3 O-O 7. Ne5 Bxe5 8.
dxe5 Ne4 9. Bd3 Nxg3 10. hxg3 g6 11. f4 Qe7 12. Nd2 Qc5 13. Qf3 Qb6 14. Rb1 Nd7
15. g4 Nc5 16. Bc2 f5 17. Qh3 Rf7 18. Nf3 Qb5 19. Ng5 Nd3+ 20. Bxd3 Qxd3 21.
Rc1 Qxe3+ 22. Qxe3 Rg7 23. Qh3 fxg4 24. Qxg4 h6 25. Qh3 hxg5 26. Qh8+ Kf7 27.
fxg5 d4 28. O-O+ 1-0

[Event "Tournoi Skype 026B"]
[Site "Skype"]
[Date "????.??.??"]
[Round "4.30"]
[White "Baker, Abi"]
[Black "Moumtaz, Abderrahim"]
[Result "1/2-1/2"]
[WhiteElo "1125"]
[BlackElo "1295"]
[PlyCount "148"]

1. c4 Nf6 2. d3 d5 3. Nc3 e6 4. g3 c6 5. Bg2 Bc5 6. e3 O-O 7. Qb3 Na6 8. cxd5
cxd5 9. d4 Bb6 10. Nge2 Nc7 11. O-O Re8 12. Nf4 Qd6 13. Re1 Bd7 14. e4 dxe4 15.
Nxe4 Qxd4 16. Nxf6+ Qxf6 17. Bxb7 Rab8 18. Be4 Bxf2+ 19. Kxf2 Rxb3 20. axb3 e5
21. Rxa7 Rc8 22. Bb7 Qb6+ 23. Be3 Qf6 24. Bxc8 Bxc8 25. Rxc7 Be6 26. b4 exf4
27. gxf4 Qxb2+ 28. Re2 Qxb4 29. Rc6 h6 30. Ra2 Qb7 31. Rd6 Bxa2 32. Rd8+ Kh7
33. f5 Qc7 34. Re8 Qxh2+ 35. Kf3 Bd5+ 36. Kg4 Qg2+ 37. Kh4 Qh2+ 38. Kg4 Qh5+
39. Kxh5 Bf3+ 40. Kh4 Bc6 41. Rf8 f6 42. Rf7 Kg8 43. Rc7 Be4 44. Kg4 h5+ 45.
Kf4 Bd3 46. Rc8+ Kh7 47. Rd8 Bc2 48. Rd2 Bb1 49. Rh2 g6 50. fxg6+ Bxg6 51. Bd4
Kg7 52. Ke3 Kf7 53. Kf4 Ke7 54. Re2+ Kf7 55. Kg3 Bf5 56. Rf2 Kg6 57. Kf4 Bg4
58. Ke3 f5 59. Kf4 h4 60. Ke5 h3 61. Ke6 Kg5 62. Bf6+ Kg6 63. Ke5 Kf7 64. Kf4
Kxf6 65. Kg3 Kg5 66. Rd2 f4+ 67. Kh2 Kh4 68. Rd4 f3 69. Rf4 Kg5 70. Kg3 h2 71.
Rxg4+ Kf6 72. Kxh2 Kf5 73. Kg3 f2 74. Kxf2 Kxg4 1/2-1/2

[Event "Tournoi Skype 026B"]
[Site "Skype"]
[Date "????.??.??"]
[Round "4.31"]
[White "Gagnon, Sindy"]
[Black "Erten, Ozlem"]
[Result "0-1"]
[WhiteElo "1032"]
[BlackElo "1278"]
[PlyCount "44"]

1. e4 e5 2. Nf3 Nc6 3. c3 d6 4. d4 Nf6 5. dxe5 Nxe4 6. Qe2 d5 7. Qe3 Be7 8. Bd3
Nc5 9. Bc2 Ne6 10. b3 d4 11. cxd4 Ncxd4 12. Nxd4 Qxd4 13. Qh3 Qxe5+ 14. Be3 h6
15. Nd2 Qxa1+ 16. Bd1 Bb4 17. O-O Bxd2 18. Bxd2 O-O 19. Re1 Nc5 20. Bb4 Bxh3
21. gxh3 Rfe8 22. Rf1 Nd3 0-1

[Event "Tournoi Skype 026B"]
[Site "Skype"]
[Date "????.??.??"]
[Round "4.32"]
[White "Codina, Teresa"]
[Black "Jimenez Cabrera, Rodolfo"]
[Result "0-1"]
[WhiteElo "1227"]
[BlackElo "1000"]
[PlyCount "78"]

1. d4 d5 2. Nf3 e6 3. c4 Nf6 4. Nc3 Bb4 5. Qc2 Nc6 6. e3 h6 7. Bd3 Bd7 8. O-O
Qe7 9. cxd5 exd5 10. Bd2 O-O 11. Rfe1 Bg4 12. Nh4 Rad8 13. h3 Bh5 14. Nf5 Qe6
15. Ng3 Bd6 16. Nxh5 Nxh5 17. a3 a5 18. e4 dxe4 19. Bxe4 Qf6 20. d5 Nd4 21. Qd1
Nf4 22. Bxf4 Bxf4 23. Qg4 h5 24. Qxh5 Bh6 25. Rad1 Nb3 26. a4 Qf4 27. Rd3 Nd2
28. Bf5 g6 29. Rg3 Qxg3 30. fxg3 gxh5 31. Bc2 c6 32. dxc6 bxc6 33. Kf2 Nc4 34.
Bb3 Nxb2 35. Kf3 Kg7 36. h4 f5 37. Re7+ Kg6 38. Re6+ Rf6 39. Re5 Rd3+ 0-1

[Event "Tournoi Skype 026B"]
[Site "Skype"]
[Date "????.??.??"]
[Round "4.33"]
[White "Abate, Luigi"]
[Black "Hargez, Dany"]
[Result "1-0"]
[WhiteElo "1000"]
[BlackElo "1217"]
[PlyCount "75"]

1. Nf3 d5 2. d4 Bf5 3. Bg5 f6 4. Bf4 Nc6 5. e3 a6 6. Nc3 Be4 7. a3 f5 8. Ng5
Qd7 9. f3 h6 10. Nh3 g5 11. fxe4 gxf4 12. Nxf4 e6 13. exd5 exd5 14. Ncxd5 Bd6
15. Bc4 Bxf4 16. Nxf4 O-O-O 17. Qh5 Nge7 18. Be6 Nxd4 19. exd4 Kb8 20. Bxd7
Rxd7 21. Rd1 Rd6 22. Kf2 Rg8 23. Qf7 Rd7 24. Qe6 Rgd8 25. c3 Nc8 26. Nd3 Nd6
27. Kf3 Ne4 28. Qxf5 Ng5+ 29. Kg4 Rf7 30. Qg6 Re8 31. Rde1 Rfe7 32. Ne5 Re6 33.
Qf5 Rg8 34. Kh5 Nh3 35. Qxh3 Rg5+ 36. Kh4 Rf6 37. Ref1 Re6 38. Qxe6 1-0

[Event "Tournoi Skype 026B"]
[Site "Skype"]
[Date "????.??.??"]
[Round "4.34"]
[White "Clemente Alcahua, Kaparso"]
[Black "Porcabeuf, Jean-Marc"]
[Result "1-0"]
[WhiteElo "1000"]
[BlackElo "1208"]
[PlyCount "63"]

1. e4 c5 2. Nf3 Nc6 3. Nc3 d6 4. Bb5 g6 5. d4 cxd4 6. Nxd4 Bg7 7. Nxc6 bxc6 8.
Bxc6+ Bd7 9. Bxa8 Qxa8 10. O-O Nf6 11. f3 O-O 12. Nd5 Nxd5 13. exd5 Qb7 14. c3
Bf5 15. Qb3 Qd7 16. a4 h5 17. Be3 a6 18. Bf2 h4 19. Bxh4 Be5 20. Rae1 Kg7 21.
f4 Rh8 22. fxe5 Rxh4 23. g3 Rh5 24. Qc4 Qd8 25. Qxa6 Qh8 26. Rf2 Bh3 27. exd6
exd6 28. Qxd6 Bf5 29. Qe5+ f6 30. Qe7+ Kh6 31. Qe8 Qh7 32. Re7 1-0

[Event "Tournoi Skype 026B"]
[Site "Skype"]
[Date "????.??.??"]
[Round "4.35"]
[White "Conde, Carmen"]
[Black "Trolese, Caterina"]
[Result "1-0"]
[WhiteElo "1201"]
[BlackElo "1000"]
[PlyCount "65"]

1. e4 e5 2. Nf3 Nf6 3. Nc3 c6 4. Nxe5 Qe7 5. d4 d6 6. Nf3 d5 7. e5 Ne4 8. Ne2
g6 9. Be3 Qb4+ 10. c3 Qxb2 11. a4 Nxc3 12. Nxc3 Qxc3+ 13. Bd2 Bb4 14. Bxc3
Bxc3+ 15. Nd2 Bxa1 16. Qxa1 Be6 17. Be2 Nd7 18. O-O O-O-O 19. a5 a6 20. Nb3 h5
21. h4 f5 22. exf6 Nxf6 23. Nc5 Kc7 24. Nxe6+ Kd7 25. Nxd8 Kxd8 26. Rb1 Rh7 27.
Bd3 Ke7 28. Qa3+ Kf7 29. Rxb7+ Ke6 30. Rb6 Ne4 31. Bxa6 Rh8 32. Rxc6+ Kf5 33.
Qf3# 1-0

[Event "Tournoi Skype 026B"]
[Site "Skype"]
[Date "????.??.??"]
[Round "4.36"]
[White "Tolaro, Filippa"]
[Black "Yanez, Leticia Jorgelina"]
[Result "1-0"]
[WhiteElo "1000"]
[BlackElo "1181"]
[PlyCount "75"]

1. d4 d5 2. Bf4 Nf6 3. Nf3 e6 4. e3 Nc6 5. c3 Bd6 6. Bg5 h6 7. Bh4 a6 8. Nbd2
b5 9. Bd3 Bb7 10. O-O Bxh2+ 11. Nxh2 Ne7 12. Bxf6 gxf6 13. Qg4 Rg8 14. Qh3 e5
15. e4 dxe4 16. Nxe4 Nd5 17. g3 Nf4 18. Qxh6 Nd5 19. Be2 Ke7 20. Rfd1 Rh8 21.
Qg7 Rxh2 22. Kxh2 Qh8+ 23. Qxh8 Rxh8+ 24. Kg2 Bc8 25. g4 f5 26. Rh1 Nf4+ 27.
Kf3 Nxe2 28. Rxh8 fxe4+ 29. Ke3 Nf4 30. Rxc8 Nd5+ 31. Kxe4 Nf6+ 32. Kxe5 Nxg4+
33. Kd5 Nxf2 34. Re1+ Kd7 35. Ree8 c6+ 36. Ke5 Nd3+ 37. Kf6 Nxb2 38. Red8# 1-0

[Event "Tournoi Skype 026B"]
[Site "Skype"]
[Date "????.??.??"]
[Round "4.37"]
[White "Trapletti, Cosetta"]
[Black "Roberts, Mario"]
[Result "1/2-1/2"]
[WhiteElo "1047"]
[BlackElo "1000"]
[PlyCount "124"]

1. d4 e6 2. e4 c5 3. Nf3 Nc6 4. Bd3 d5 5. Bf4 g6 6. e5 b6 7. c3 Bg7 8. O-O Nge7
9. Qa4 Bd7 10. Bg5 Nxe5 11. dxe5 Bxa4 12. b3 Bc6 13. Bf6 Bxf6 14. exf6 Ng8 15.
Ne5 Bb7 16. Bb5+ Qd7 17. Bxd7+ Kf8 18. Nd2 Nxf6 19. h3 Ke7 20. Ba4 a6 21. c4 b5
22. cxb5 axb5 23. Bxb5 Ra5 24. Bd3 Rf8 25. Rfc1 Kd6 26. Nef3 e5 27. b4 cxb4 28.
Nb3 Raa8 29. Re1 Nd7 30. Ng5 h6 31. Nh7 Rh8 32. Nf6 Nxf6 33. g3 Bc6 34. Bf1 d4
35. f3 Bxf3 36. Kf2 Bd5 37. g4 Ne4+ 38. Kg1 Rhc8 39. Bg2 Rc2 40. Bxe4 Bxe4 41.
Rxe4 Kd5 42. Ree1 Rc3 43. Rab1 Rxh3 44. Kg2 Rh4 45. Kg3 g5 46. Nd2 Rxa2 47. Nf3
d3 48. Nxh4 d2 49. Red1 gxh4+ 50. Kxh4 Kc4 51. Kh5 Kc3 52. Rbc1+ dxc1=Q 53.
Rxc1+ Kb2 54. Rd1 b3 55. Re1 Kc3 56. Rxe5 b2 57. Re3+ Kd2 58. Rb3 Kc2 59. Kxh6
b1=Q 60. Rxb1 Kxb1 61. Kg7 Rg2 62. Kxf7 Rxg4 1/2-1/2

[Event "Tournoi Skype 026B"]
[Site "Skype"]
[Date "????.??.??"]
[Round "4.39"]
[White "Franco, Yolima"]
[Black "Marty, Yvette"]
[Result "1-0"]
[WhiteElo "1408"]
[BlackElo "1000"]
[PlyCount "39"]

1. Nf3 Nc6 2. g3 d5 3. Bg2 e6 4. d4 f6 5. Nbd2 e5 6. e4 exd4 7. exd5 Nce7 8.
Nxd4 Nxd5 9. Qh5+ g6 10. Qxd5 c6 11. Qe4+ Be7 12. O-O f5 13. Qe5 Nf6 14. Re1
Rg8 15. Qxf6 Rf8 16. Qe5 c5 17. Nc4 cxd4 18. Nd6+ Qxd6 19. Qxd6 Bd7 20. Qxe7#
1-0

[Event "Tournoi Skype 026B"]
[Site "Skype"]
[Date "????.??.??"]
[Round "4.40"]
[White "De Fazio, Monica"]
[Black "Schuh, David"]
[Result "1-0"]
[WhiteElo "1136"]
[BlackElo "1000"]
[PlyCount "53"]

1. e4 e5 2. Nf3 Nc6 3. Bc4 Bc5 4. O-O Nf6 5. d3 O-O 6. Nc3 b6 7. Ng5 h6 8. Nxf7
Rxf7 9. Bxf7+ Kxf7 10. Qf3 Bb7 11. Nd5 Kg8 12. c3 Na5 13. b4 Bxd5 14. exd5 Be7
15. bxa5 bxa5 16. Rb1 Rb8 17. Rb3 a4 18. Rxb8 Qxb8 19. Qf5 Qb1 20. Be3 Qxa2 21.
Qxe5 Kf7 22. c4 a3 23. Qxc7 Qb2 24. Qxa7 a2 25. Bd4 Qc2 26. Ra1 Ba3 27. Qxa3
1-0

[Event "Tournoi Skype 026B"]
[Site "Skype"]
[Date "????.??.??"]
[Round "4.41"]
[White "Tupe, Jyoti"]
[Black "Clayton, Estelita"]
[Result "1-0"]
[WhiteElo "1000"]
[BlackElo "1000"]
[PlyCount "89"]

1. e4 d5 2. exd5 Qxd5 3. Nc3 Qa5 4. Nf3 e6 5. d3 Bb4 6. Bd2 Bxc3 7. Bxc3 Qd5 8.
Bxg7 Ne7 9. Bxh8 Ng6 10. Bc3 e5 11. d4 Bg4 12. Be2 Bxf3 13. Bxf3 e4 14. Bg4 Nf4
15. Bd2 Qxd4 16. Bxf4 Qxd1+ 17. Rxd1 Na6 18. Bd7+ Ke7 19. a3 Rd8 20. Bb5 Rxd1+
21. Kxd1 Nc5 22. Bg5+ f6 23. Be3 Ne6 24. b4 a6 25. Bc4 b5 26. Bd5 c6 27. Bxe4
Kd6 28. Ke2 Kc7 29. Rd1 Nf8 30. Bf5 Kb7 31. Bc5 a5 32. Bxf8 axb4 33. Bxb4 Kb6
34. Rd7 h5 35. Bd6 c5 36. Bc7+ Kc6 37. Bd6 c4 38. Kd2 Kd5 39. Bf4+ Kc5 40. Kc3
Kc6 41. Rd6+ Kc5 42. Be4 h4 43. Rd7 Kb6 44. Kb4 Ka6 45. Be3 1-0

[Event "Tournoi Skype 026B"]
[Site "Skype"]
[Date "????.??.??"]
[Round "5.1"]
[White "Munoz Gonzalez, Martin"]
[Black "Ortiz, Vladimir"]
[Result "0-1"]
[WhiteElo "1405"]
[BlackElo "1432"]
[PlyCount "76"]

1. e4 c5 2. Nf3 d6 3. c3 Nf6 4. d3 Bg4 5. Be2 Nbd7 6. h3 Bxf3 7. Bxf3 e6 8. Be3
Rc8 9. O-O Be7 10. Nd2 b6 11. Rc1 Ne5 12. Nb3 Nxf3+ 13. Qxf3 Nd7 14. d4 cxd4
15. cxd4 O-O 16. Rfd1 Bf6 17. Bf4 Rxc1 18. Rxc1 e5 19. dxe5 Bxe5 20. Bxe5 dxe5
21. Nd2 Nc5 22. Qe2 Qa8 23. b4 Ne6 24. Qb5 Nd4 25. Qd3 Rc8 26. Rxc8+ Qxc8 27.
Qc4 Qxc4 28. Nxc4 Nc2 29. b5 f6 30. Kf1 Nd4 31. a4 Nb3 32. Ke1 Nc5 33. Nd2 Nxa4
34. Nb1 Kf7 35. Kd2 Ke6 36. f3 Kd6 37. Nc3 Nxc3 38. Kxc3 Kc5 0-1

[Event "Tournoi Skype 026B"]
[Site "Skype"]
[Date "????.??.??"]
[Round "5.2"]
[White "Felippe E Silva, Glenda"]
[Black "Santos, Joselito"]
[Result "0-1"]
[WhiteElo "1314"]
[BlackElo "1346"]
[PlyCount "86"]

1. d4 d5 2. Nf3 g6 3. Bf4 Bg7 4. e3 f5 5. h3 Nf6 6. Be2 O-O 7. O-O c6 8. Nbd2
Nbd7 9. c4 e6 10. Rc1 Ne4 11. cxd5 exd5 12. Nxe4 fxe4 13. Nd2 Nf6 14. Bg5 Qb6
15. Qb3 h6 16. Qxb6 axb6 17. Bxf6 Bxf6 18. a3 Bd7 19. Rc3 Kg7 20. b4 b5 21. Ra1
Be7 22. Bd1 Bxb4 23. Rc2 Rxa3 24. Rxa3 Bxa3 25. Ra2 b4 26. Nb3 b6 27. f3 Re8
28. Nd2 exf3 29. Nxf3 Rxe3 30. Ne5 Be8 31. Bg4 c5 32. Nf3 c4 33. Ne5 Re1+ 34.
Kf2 Rb1 35. Bf3 Rb2+ 36. Rxb2 Bxb2 37. Ke3 b3 38. Bxd5 b5 39. Be4 Bc1+ 40. Ke2
g5 41. d5 Kf6 42. Ng4+ Kg7 43. d6 Bf4 0-1

[Event "Tournoi Skype 026B"]
[Site "Skype"]
[Date "????.??.??"]
[Round "5.3"]
[White "Bendre, Pankaj"]
[Black "Couto, Januario"]
[Result "0-1"]
[WhiteElo "1461"]
[BlackElo "1448"]
[PlyCount "60"]

1. e4 d5 2. e5 Bf5 3. d4 e6 4. Ne2 c5 5. c3 Nc6 6. Be3 c4 7. Nd2 b5 8. Ng3 Bg6
9. Be2 Nge7 10. Bg4 Bd3 11. Be2 Bg6 12. Bg5 h6 13. Bh4 Qb6 14. Bxe7 Nxe7 15. b4
Nf5 16. Ndf1 a5 17. Qd2 axb4 18. cxb4 Ra4 19. a3 Bxb4 20. axb4 Rxa1+ 21. Bd1
Qxd4 22. Nxf5 Qxd2+ 23. Nxd2 Bxf5 24. O-O O-O 25. h3 Rfa8 26. Nf3 Rb8 27. Nd4
Bd3 28. Re1 c3 29. Nb3 Rb1 30. Nc5 c2 0-1

[Event "Tournoi Skype 026B"]
[Site "Skype"]
[Date "????.??.??"]
[Round "5.4"]
[White "Zenini, Simone"]
[Black "Farfallini, Michel"]
[Result "1-0"]
[WhiteElo "1458"]
[BlackElo "1283"]
[PlyCount "49"]

1. e4 e5 2. Nf3 Nc6 3. d4 exd4 4. Nxd4 Qf6 5. Nf3 Bc5 6. Nc3 Nge7 7. Bd3 d6 8.
O-O Bg4 9. Be2 O-O-O 10. Bg5 Qe6 11. Nd4 Nxd4 12. Bxg4 f5 13. exf5 Ndxf5 14.
Re1 Qf7 15. Rxe7 Qg6 16. Rxg7 Qxg7 17. Bxf5+ Kb8 18. Bxd8 Rg8 19. Be4 Rxd8 20.
Qd3 Rf8 21. Rf1 Qf6 22. Qf3 Qh6 23. Qd3 Bxf2+ 24. Rxf2 Qc1+ 25. Nd1 1-0